书目信息 |
| 题名: |
电工与电子技术实验实训
|
|
| 作者: | 贾学堂 主编 | |
| 分册: | ||
| 出版信息: | 上海 上海交通大学出版社 2011.01 |
|
| 页数: | 173页 | |
| 开本: | 23cm | |
| 丛书名: | ||
| 单 册: | ||
| 中图分类: | TM-33 | |
| 科图分类: | ||
| 主题词: | 电工技术--dian gong ji shu--实验--高等学校--教学参考资料 , 电子技术--dian zi ji shu--实验--高等学校--教学参考资料 | |
| 电子资源: | ||
| ISBN: | 978-7-313-07032-6 | |
| 000 | 00889nam0 2200253 450 | |
| 001 | 012011055836 | |
| 005 | 20110427110839.57 | |
| 010 | @a978-7-313-07032-6@dCNY20.00 | |
| 100 | @a20110427d2011 em y0chiy0120 ea | |
| 101 | 0 | @achi |
| 102 | @aCN@b310000 | |
| 105 | @aak a 000yy | |
| 106 | @ar | |
| 200 | 1 | @a电工与电子技术实验实训@Adian gong yu dian zi ji shu shi yan shi xun@f贾学堂主编@Fjia xue tang zhu bian |
| 210 | @a上海@c上海交通大学出版社@d2011.01 | |
| 215 | @a173页@c图@d23cm | |
| 320 | @a有书目 | |
| 330 | @a本书其内容包括电路基础、电机控制、模拟电子技术基础和数字电子技术基础等课程的实验实训。 | |
| 606 | 0 | @a电工技术@Adian gong ji shu@x实验@x高等学校@j教学参考资料 |
| 606 | 0 | @a电子技术@Adian zi ji shu@x实验@x高等学校@j教学参考资料 |
| 690 | @aTM-33@v4 | |
| 701 | 0 | @a贾学堂@Ajia xue tang@4主编 |
| 801 | 0 | @aCN@bQSSK@c20110427 |
| 905 | @b792792-94@dTM-33@eJ250@f3 | |
| 电工与电子技术实验实训/贾学堂主编.-上海:上海交通大学出版社,2011.01 |
| 173页:图;23cm |
| ISBN 978-7-313-07032-6:CNY20.00 |
| 本书其内容包括电路基础、电机控制、模拟电子技术基础和数字电子技术基础等课程的实验实训。 |
| ● |
| 相关链接 |
|
|
|
正题名:电工与电子技术实验实训
索取号:TM-33/J250
 
预约/预借
| 序号 | 登录号 | 条形码 | 馆藏地/架位号 | 状态 | 备注 |
| 1 | 792792 | 207927920 | 自科二线404/301自科库 1排3列5层/ [索取号:TM-33/J250] | 在馆 | |
| 2 | 792793 | 207927939 | 自科库301/301自科库 2排2列4层/ [索取号:TM-33/J250] | 在馆 | |
| 3 | 792794 | 207927948 | 自科库301/301自科库 2排2列4层/ [索取号:TM-33/J250] | 在馆 |